000 01255cam a22002415a 4500
001 L153603
008 110809s2010 xxk f 000 0 eng d
020 _a9781408239940
035 _a(Sirsi) u153603
041 0 _aeng
100 1 _aDuddington, John
245 0 0 _aLaw Express : Land
_h[electronic resource]
250 _a3rd ed.
260 _bPearson Education
_c2010
300 _aeBook
505 2 _a1 The building blocks of land law: estates and interests in land -- 2 Registered and unregistered title to land -- 3 Co-ownership of land -- 4 Trusts and the home -- 5 L icences and proprietary estoppel -- 6 L eases -- 7 Covenants affecting freehold land -- 8 Easements and profits -- 9 Mortgages -- 10 A dverse possession
520 _aLand Law is designed to help you to relate all the reading and study throughout your course specifically to exam and assignment situations. Understand quickly what is required, organise your revision, and learn the key points with ease, to get the grades you need. Tested with examiners and students.
650 2 4 _aEBOOK
651 4 _aENGLAND AND WALES
690 _aLAND LAW
856 4 0 _uhttps://www.vlebooks.com/
_zView on VLEbooks. Logins for members only from [email protected]
942 _n0
999 _c112603
_d112603